Coconut leaf rot complex and perspectives for the disease control-Status report (Record no. 55816)

MARC details
000 -LEADER
fixed length control field 00371nam a2200133Ia 4500
100 ## - MAIN ENTRY--AUTHOR NAME
Personal name Srinivasan N
245 #0 - TITLE STATEMENT
Title Coconut leaf rot complex and perspectives for the disease control-Status report
260 ## - PUBLICATION, DISTRIBUTION, ETC. (IMPRINT)
Name of publisher Planter
Year of publication 2002
300 ## - PHYSICAL DESCRIPTION
Number of Pages 203-216
650 ## - SUBJECT ADDED ENTRY--TOPICAL TERM
Topical Term Coconut leaf rot
650 ## - SUBJECT ADDED ENTRY--TOPICAL TERM
Topical Term Disease control
942 ## - ADDED ENTRY ELEMENTS (KOHA)
Koha item type Journals
Holdings
Withdrawn status Lost status Damaged status Not for loan Home library Current library Shelving location Date acquired Serial Enumeration / chronology Koha item type
      Journals RRII Library RRII Library Pathology 16/12/2002 Volume 78, Issue 913 Journals